书目信息 |
| 题名: |
汽车电路识图从入门到精通
|
|
| 作者: | 孙运生 主编 | |
| 分册: | ||
| 出版信息: | 北京 化学工业出版社 2017.3 |
|
| 页数: | 193页 | |
| 开本: | 29cm | |
| 丛书名: | ||
| 单 册: | ||
| 中图分类: | U463.620.2 | |
| 科图分类: | ||
| 主题词: | 汽车--电气设备--电路图--识图 , 汽车 , 电气设备 , 电路图 , 识图 | |
| 电子资源: | ||
| ISBN: | 978-7-122-15739-3 | |
| 000 | 00963nam0 2200277 450 | |
| 001 | 0400001825 | |
| 005 | 20171019164959.0 | |
| 010 | @a978-7-122-15739-3@dCNY49.80 | |
| 100 | @a20130425e2017 em y0chiy50 ea | |
| 101 | 0 | @achi |
| 102 | @aCN@b110000 | |
| 105 | @ay z 000yy | |
| 106 | @ar | |
| 200 | 1 | @a汽车电路识图从入门到精通@9qi che dian lu shi tu cong ru men dao jing tong@f孙运生主编 |
| 210 | @a北京@c化学工业出版社@d2017.3 | |
| 215 | @a193页@d29cm | |
| 330 | @a本书在介绍了汽车电路的基础知识上,运用汽车电路识图示例,对国内外常见车系的汽车电路特点和识图方法进行了讲解,归纳总结了汽车电路导线标注、汽车电器符号、汽车电气设备端子及汽车电路缩略语等方面的内容。 | |
| 606 | 0 | @a汽车@x电气设备@x电路图@x识图 |
| 606 | 0 | @a汽车 |
| 606 | 0 | @a电气设备 |
| 606 | 0 | @a电路图 |
| 606 | 0 | @a识图 |
| 690 | @aU463.620.2@v5 | |
| 701 | 0 | @a孙运生@9sun yun sheng@c(家电维修)@4主编 |
| 801 | 0 | @aCN@b91MARC@c20171019 |
| 905 | @b1025736-40@dU463.620.2@f5@e488 | |
| 汽车电路识图从入门到精通/孙运生主编.-北京:化学工业出版社,2017.3 |
| 193页;29cm |
| ISBN 978-7-122-15739-3:CNY49.80 |
| 本书在介绍了汽车电路的基础知识上,运用汽车电路识图示例,对国内外常见车系的汽车电路特点和识图方法进行了讲解,归纳总结了汽车电路导线标注、汽车电器符号、汽车电气设备端子及汽车电路缩略语等方面的内容。 |
| ● |
| 相关链接 |
|
|
|
|
正题名:汽车电路识图从入门到精通
索取号:U463.620.2/488
 
预约/预借
| 序号 | 登录号 | 条形码 | 馆藏地/架位号 | 状态 | 备注 |
| 1 | 1025736 | 210257363 | 第二样本阅览室/ [索取号:U463.620.2/488] | 在馆 | |
| 2 | 1025737 | 210257372 | 密集书库-物理学院/ [索取号:U463.620.2/488] | 在馆 | |
| 3 | 1025738 | 210257381 | 第三借阅区/ [索取号:U463.620.2/488] | 在馆 | |
| 4 | 1025739 | 210257390 | 第三借阅区/ [索取号:U463.620.2/488] | 在馆 | |
| 5 | 1025740 | 210257407 | 第三借阅区/ [索取号:U463.620.2/488] | 在馆 |